000 00393nam a2200145 i 4500
001 bg
245 0 _aObliczanie i badanie korpusów obrabiarek /
_cpod red. Jana Kocha ; [aut. Edward Chlebus i in.].
260 _aWrocław,
_c1984.
700 1 _aKOCH, Jan.
_eRed.
700 1 _aCHLEBUS, Edward.
040 _cBPK
041 _apol
942 _cKS
008 s pl f |000 0 pol
999 _c22997
_d22997
856 _uhttp://koha.tu.koszalin.pl/cgi-bin/koha/opac-detail.pl?biblionumber=22997
_yKatalog online BPK